Sociálne siete ako nástroj propagácie podniku diplomová práca

Gespeichert in:
Bibliographische Detailangaben
1. Verfasser: Pavlovová, Nadežda
Körperschaft: Fakulta podnikového manažmentu EU. Katedra informačného manažmentu
Weitere Verfasser: Beláňová, Benita, 1973-
Format: Buch
Sprache:Slowakisch
Veröffentlicht: Bratislava 2020
Tags: Tag hinzufügen
Keine Tags, Fügen Sie das erste Tag hinzu!

MARC

LEADER 00000nbm a2200000 4500
001 0266177
005 20201126105835.0
041 0 |a slo 
044 |a SK 
245 1 0 |a Sociálne siete ako nástroj propagácie podniku  |b diplomová práca  |c Nadežda Pavlovová ; školiteľ: Benita Beláňová 
264 1 |a Bratislava  |c 2020 
300 |a 58 s. 
100 1 |a Pavlovová, Nadežda 
700 1 |a Beláňová, Benita, 1973- 
710 2 |a Fakulta podnikového manažmentu EU. Katedra informačného manažmentu